Jīvana nirjhara = (Record no. 79530)

MARC details
000 -LEADER
fixed length control field 00694cam a22002651a 4500
001 - CONTROL NUMBER
control field sa 68003504
003 - CONTROL NUMBER IDENTIFIER
control field DLC
005 - DATE AND TIME OF LATEST TRANSACTION
control field 20260227112453.0
008 - FIXED-LENGTH DATA ELEMENTS--GENERAL INFORMATION
fixed length control field 890814s1967 xx 000 0 hin
010 ## - LIBRARY OF CONGRESS CONTROL NUMBER
LC control number sa 68003504
025 ## - OVERSEAS ACQUISITION NUMBER
Overseas acquisition number PL480: I-H-5034
035 ## - SYSTEM CONTROL NUMBER
System control number (OCoLC)23539476
037 ## - SOURCE OF ACQUISITION
Terms of availability Rs 10
040 ## - CATALOGING SOURCE
Original cataloging agency DLC
Transcribing agency MiU
Modifying agency WU
-- DLC
041 1# - LANGUAGE CODE
Language code of text/sound track or separate title hineng
Language code of original hin
042 ## - AUTHENTICATION CODE
Authentication code premarc
050 00 - LIBRARY OF CONGRESS CALL NUMBER
Classification number PR6037.H73
Item number F6 1967
100 0# - MAIN ENTRY--PERSONAL NAME
Personal name Shriman Narayan,
Dates associated with a name 1912-1978.
240 10 - UNIFORM TITLE
Uniform title Jīvana nirjhara.
Language of a work Hindi & English.
245 10 - TITLE STATEMENT
Title Jīvana nirjhara =
Remainder of title The fountain of life.
246 11 - VARYING FORM OF TITLE
Title proper/short title Fountain of life
260 ## - PUBLICATION, DISTRIBUTION, ETC.
Date of publication, distribution, etc. [1967]
300 ## - PHYSICAL DESCRIPTION
Extent 151 p. ;
Dimensions 22 cm.
546 ## - LANGUAGE NOTE
Language note Hindi and English.

No items available.

Powered by Koha